| 000 | 00629nam a2200193Ia 4500 | ||
|---|---|---|---|
| 003 | GCL | ||
| 008 | 140319s9999 xx 000 0 ara d | ||
| 040 |
_aGCL / _cGCL |
||
| 082 | 0 | 4 |
_a891.84 _bا س |
| 100 | 1 | _aثروت اباظة | |
| 245 | 1 | 0 |
_aالسجن الملعون : قصة يوجوسلافية طويلة / _cثروت اباظة |
| 700 | 1 | _aاندريتش , ايفو | |
| 700 | 1 | _aصلاح سليمان (ترجمة) | |
| 300 | _a145 ص | ||
| 490 |
_aالابداع العالمى _v0 |
||
| 650 | 0 | 4 | _aالقصص اليوجوسلافية |
| 650 | 0 | 4 | _aالادب اليوغسلافى المترجم |
| 942 |
_2ddc _cBK |
||
| 999 |
_c39816 _d39816 |
||